01605 a2200253 45000010006000000050017000060080041000230030015000640400040000790800060001192450024001790200018002032640034002213000019002555050820002740410008010949420007011025900036011091000019011457000033011647000031011979990015012289520108012435788820260407155838.0260407a1985 arg spa dAR-UNSa-BCEJYS aAR-UNSa-BCEJYSbspacAR-UNSa-BCEJYS a004.65xSistemas de gestión de bases de datos (SG-BD)10aAplique el dBase II a968-451-761-0 1aMéxico :bMcGraw-Hillc1985 a221 p.c23 cm. a1. Introducción a dBASE II – 2. Instalación y puesta en funcionamiento de dBASE II – 3. Ficheros, registros y bases de datos – 4. Introducción a la programación – 5. El diseño del sistema – 6. Diseño de los menús – 7. Introducción de registros en una base de datos – 8. Edición de una base de datos – 9. Procesamiento basado en transacciones – 10. Creación de informes con dBASE II – 11. Generadores de pantalla – 12. Gestión de ficheros – 13. Utilización de dBASE II con ficheros externos y programas de aplicación – 4. Utilización de dBASE II como un sistema de gestión de bases de datos tipo red – 15. Métodos de consulta con dBASE II – 16. Depuración de programas con dBASE II – 17. Utilidades dBASE II – 18. Del desarrollo de la producción  aspa cBK aniveau_biblio:m niveau_hierar:01 aTownsend, Carl1 aBencomo, Sebastián Dormido1 aVaquero Sánchez, Antonio c6325d6325 00104070aBCEJYSbBCEJYSc16d2026-04-07l0o004.65 T747pL128891r2026-04-07 15:58:38w2026-04-07yL